Responses for show #8695 - Friday, July 29, 2022

Last game of Season 38.

Contestants

[<< previous game]

Luigi de Guzman, an attorney from Arlington, Virginia

Darin Ciccotelli, an associate professor of rhetoric and composition from Long Beach, California

Katrina Hill, a non-profit professional from Alexandria, Virginia (whose 1-day cash winnings total $27,601)

Jeopardy! Round responses

ISLANDS & PENINSULAS
GOVERNORS
BUSINESS ABBREV.
MOVIE FACTS
JUST TAKE THE L
(Ken: Each response will consist of two words.)
HOW DO YOU SLEEP AT NIGHT?
    $200 2
(Luigi: What is the Upper Peninsula?)

the Lower Peninsula

Luigi
Triple Stumper
    $200 7
Illinois

Darin
    $200 26
annual percentage rate

Luigi
    $200 8
George Lucas

Katrina
    $200 13
(Luigi: What is bowing? What is [*]?)
(Ken: Yes, you got it in the nick of time.)

bowing & bowling

Luigi
    $200 1
memory foam

Luigi
    $400 3
the Yucatán

Luigi
    $400 14
DeSantis

Luigi
    $400 27
demand

Luigi
    $400 9
Up

Darin
    $400 22
(Darin: What is [*]? What is [**]?)

curling & curing

Darin
    $400 16
melatonin

Luigi
    $600 4
(Ken: Yes, at Pearl Harbor.)

Oahu

Luigi
    $600 15
Mitt Romney

Darin
    $600 28
mortgage

Katrina
    $600 10
Dune

Darin
    $600 23
label & Abel

Luigi
    $600 18
blackout curtains

Darin
    $800 5
(Darin: What is the Sicilian Peninsula?)
(Ken: No.)
(Darin: [*]?)

Sicily

DarinLuigi
    $800 17
Maine

Katrina
    $800 29
operational expenses (operating expenses)

Katrina
    $800 11
[NOTE: This was the 440,000th clue entered into the J! Archive, on 2022-07-29.]

Clueless

Darin
    $800 24
carousel & carouse

Katrina
    $800 20
lavender

Katrina
    $1,800 6
the Seward Peninsula

Luigi
    $1000 19
(Gretchen) Whitmer

Katrina
    $1000 30
earnings per share

Luigi
    $1000 12
Wedding Crashers

Katrina
    $1000 25
clement & cement

Triple Stumper
    $1000 21
a CPAP

Katrina

Scores at the first commercial break (after clue 15):

Katrina Darin Luigi
$1,200 $1,800 $4,200

Scores at the end of the Jeopardy! Round:

Katrina Darin Luigi
$7,000 $2,800 $6,800

Double Jeopardy! Round responses

HISTORY
FRENCH PHRASES
"C"HARACTER STUDY
MASHED-UP SITCOM TITLES
WATERCOLORS
LET'S GO FISHING
    $400 7
Mexico

Luigi
    $400 16
crème de la crème

Katrina
    $400 14
Conan

Katrina
    $400 6
[Luigi does not include "The" in his response for either show.]
[ARCHIVIST'S NOTE: Yes, King of the Hill would have been credited as correct for the first part as well.]

King of Queens & The Big Bang Theory

Luigi
    $400 21
Cleopatra

Luigi
    $400 26
casting

Darin
    $800 8
Nepal

Darin
    $800 17
Cordon Bleu

Luigi
    $800 10
David Copperfield

Darin
    $800 5
(Katrina: What is Will and... oh, shoot.)

Will & Grace & Dharma & Greg

KatrinaDarin
    $800 22
Beatrix Potter

Katrina
    $800 27
(Luigi: What is a sinker?)

a bob (a bobber)

KatrinaLuigi
    $2,000 9
(Ken: Darin?)
(Darin: No, I can't think of it.)

Anne Boleyn

Darin
    $1200 18
(Ken: This is just like one of your dreams.)
[Laughter]

trompe-l'œil

Luigi
    $3,000 11
(Ken: "Oh, Cathy, Cathy, Cathy", Alex was always saying.)

Catherine (Earnshaw)

Darin
    $1200 1
(Darin: No, I don't know.)

Father Knows Best & Freaks and Geeks

Darin
Triple Stumper
    $1200 23
Dalí

Darin
    $1200 28
ice fishing

Luigi
    $1600 13
Carthage

Luigi
    $1600 19
carte blanche

Katrina
    $1600 12
(Ken: From Goodbye, [*], yes.)

Mr. Chips

Luigi
    $1600 2
Spin City & Hangin' with Mr. Cooper

Luigi
    $1600 24
(Darin: What is Australia?)

Canberra

DarinLuigi
    $1600 29
a rainbow trout

Katrina
    $2000 3
Haymarket Square

Darin
    $2000 20
cri de coeur

Luigi
    $2000 15
the Compsons

Triple Stumper
    $2000 4
Caroline in the City & Fresh Off the Boat

Darin
    $2000 25
Arles

Darin
    $2000 30
The Compleat Angler

Luigi

Scores at the end of the Double Jeopardy! Round:

Katrina Darin Luigi
$11,800 $11,000 $20,800

[wagering suggestions for these scores]

Final Jeopardy! Round responses

TECH HISTORY
(Ken: [To Darin] It was decades after the invention of [*] that price scanners and compact discs became common.)
DarinWhat is laser technology?
$2,994
KatrinaWhat is bar codes? lasers?
$9,001
LuigiWhat is the laser?
$2,601
the laser

Final scores:

Katrina Darin Luigi
$20,801 $13,994 $23,401
2nd place: $2,000 3rd place: $1,000 New champion: $23,401

Game dynamics:

Coryat scores:

Katrina Darin Luigi
$11,800 $11,200 $20,000
15 R,
1 W
16 R
(including 1 DD),
4 W
(including 1 DD)
24 R
(including 1 DD),
2 W

Combined Coryat: $43,000

The J! Archive is created by fans, for fans. Scraping, republication, monetization, and malicious use prohibited; this site may use cookies and collect identifying information. See terms. The Jeopardy! game show and all elements thereof, including but not limited to copyright and trademark thereto, are the property of Jeopardy Productions, Inc. and are protected under law. This website is not affiliated with, sponsored by, or operated by Jeopardy Productions, Inc. Join the discussion at JBoard.tv.